Mutfak Kazaları (Record no. 1109)

000 -LEADER
fixed length control field 00469nam a22001817a 4500
008 - FIXED-LENGTH DATA ELEMENTS--GENERAL INFORMATION
fixed length control field 170811b xxu||||| |||| 00| p tur d
020 ## - INTERNATIONAL STANDARD BOOK NUMBER
International Standard Book Number 9757942316
041 ## - LANGUAGE CODE
Language code of text/sound track or separate title Türkçe
050 ## - LIBRARY OF CONGRESS CALL NUMBER
Classification number PL248.M26
100 ## - MAIN ENTRY--PERSONAL NAME
Personal name Mağden, Perihan
9 (RLIN) 700
245 ## - TITLE STATEMENT
Title Mutfak Kazaları
250 ## - EDITION STATEMENT
Edition statement 1. baskı
260 ## - PUBLICATION, DISTRIBUTION, ETC.
Place of publication, distribution, etc. İstanbul
Name of publisher, distributor, etc. Kabalcı Yayınevi
Date of publication, distribution, etc. 1995
300 ## - PHYSICAL DESCRIPTION
Extent 55 sayfa
500 ## - GENERAL NOTE
General note Kabalcı Yayınevi 71; Şiir Dizisi 4
650 #0 - SUBJECT ADDED ENTRY--TOPICAL TERM
9 (RLIN) 145
Topical term or geographic name entry element Türk Edebiyatı
942 ## - ADDED ENTRY ELEMENTS (KOHA)
Source of classification or shelving scheme
Koha item type Books
Holdings
Withdrawn status Lost status Source of classification or shelving scheme Damaged status Not for loan Permanent Location Current Location Shelving location Date acquired Full call number Barcode Date last seen Price effective from Koha item type
        Ödünç verilemez İmren Ahmet Tüzün Kütüphanesi İmren Ahmet Tüzün Kütüphanesi Ahmet Tüzün 2017-08-11 PL248.M26 100100001087 2017-08-11 2017-08-11 Books

This software was implemented, installed and managed by Devinim Software Training Consulting .